000 00612nam a2200205 a 4500
005 20210219153412.0
008 991125n 000 0 spa u
035 _aUPN01000097084
100 _aFARRINGTON, Keith
222 _aREVISTA INTERCONTINENTAL DE PSICOLOGIA Y EDUCACION
245 _aLa relación entre el estrés y la violencia doméstica : conceptualizaciones y hallazgos actuales
260 _aMéxico
300 _a87-103
362 _a1991 4, no. 1
653 0 _aESTRES FAMILIAR
653 0 _aMALTRATO FISICO
653 0 _aVIOLENCIA FAMILIAR
904 _aAC
_b034895
905 _aArticulo
999 _c76011
_d76011